[Event "Chigorin Memorial 07th"]
[Site "St Petersburg"]
[Date "1999.11.09"]
[Round "8"]
[White "Yagupov, Igor"]
[Black "Malakhatko, Vadim"]
[Result "0-1"]
[WhiteElo "2449"]
[BlackElo "2537"]
[Annotator "Golod,V"]
[PlyCount "134"]
[EventDate "1999.11.02"]
[EventType "swiss"]
[EventRounds "9"]
[EventCountry "RUS"]
[SourceTitle "CBM 074"]
[Source "ChessBase"]
[SourceDate "2000.02.01"]
[SourceVersion "1"]
[SourceVersionDate "2000.02.01"]
[SourceQuality "1"]

1. e4 {Hecht} c5 2. Nf3 e6 3. d4 cxd4 4. Nxd4 Nf6 5. Nc3 Nc6 6. Nxc6 bxc6 7. e5
Nd5 8. Ne4 Qc7 ({Another alternative is:} 8... Bb7 $5 {See comments to Anand,
V-Leko,P/Dortmund ,1999/CBM 72 (1/2-1/2)(Golod,V)(29)}) 9. f4 Qb6 (9... Qa5+ $5
{Is the main line.See comments to Nataf,I-Filippov,V/Koszalin,1999/CBM 73 (1-0)
(Golod,V)(38)}) 10. c4 ({Another possibility is:} 10. Bd3) 10... Bb4+ ({
Slightly worse is:} 10... Ne3 {See comments to Kasparov,G-Illescas Cordoba,M/
Linares,1992/CBM 28(1-0) (Blatny,P)(32)}) 11. Ke2 Ba6 $5 {[%csl Rc4]} ({
Another options is:} 11... f5 $5) 12. Kf3 f5 13. exf6 ({Another line is:} 13.
Nf2 {See comments to Shirov,A-Krasenkow,M/ Polanica Zdroj,1998/CBM 67(1-0)
(Shirov) (56)}) 13... Nxf6 14. c5 {This move better than:} (14. Nxf6+ $6 gxf6
15. Be3 Bc5 16. Bxc5 Qxc5 $11 {Neumeier,K-Lockl,L/Vienna,1990(0-1)(33)}) ({and
} 14. Be3 c5 $4 (14... Qa5 $13) (14... Qb8 $5 $13) 15. Nxf6+ gxf6 16. a3 Ba5
17. b4 $18 {Grigorov,J-Zahariev,Z/Sofia,1984(1-0)(36)}) 14... Qa5 {[%csl Ra1,
Ya5,Rc5]} (14... Bxc5 $2 {is refuted by:} 15. Nxc5 Bxf1 $140 16. Na4 $1 {
[%csl Rb6,Yd1,Rf1][%cal Yd1a4]} Bxg2+ 17. Kxg2 {+/-/+-}) 15. Nxf6+ ({
Senselessly:} 15. Nd6+ Kf8 16. Bxa6 Qxa6 17. Qd4 Rb8 $13) 15... gxf6 16. Bxa6
Qxa6 17. Qd4 {[%csl Rb4,Rf6]} Qb5 ({Badly:} 17... Ba5 {in view of:} 18. Be3 (
18. Rd1 $5) 18... O-O-O 19. Qa4 $1 Rhg8 20. g3 e5 21. Rhd1 $16 {Panchenko,
A-Jailjan,M/Aktjubinsk,1985(1-0)(25)}) 18. Be3 ({By mistake:} 18. Qxf6 {
because of:} Qd3+ 19. Be3 Qd5+ 20. Kf2 Rf8 $36) 18... O-O-O ({In my opinion
slightly worse is:} 18... Rf8 19. Rhd1 (19. a3 $143 Ba5 20. Rhd1 Rf7 21. b4 Bc7
22. Rd2 $4 (22. Qe4 $5 $13) 22... Be5 $1 $19 {[%csl Ra1,Rd4,Rf3,Gf7] Ott,
W-Klundt,K/Boblingen,1985(0-1)(31)}) 19... Rf7 (19... Qb7 20. Rd3 Ba5 21. Rad1
Rf7 22. f5 $1 $14 {Brunner,L-Chekhov,V/Prague,1989(1-0)(58)}) 20. Rac1 Ba5 21.
Rd3 e5 22. Qc4 Qxc4 23. Rxc4 $14 {Brunner,L-Schmittdiel,E/GER-chT,1990 (1/2-1/
2)(43)}) 19. Rac1 $146 {Besides,19.Rhd1 and 19.a3 was checked in the previous
games:} (19. Rhd1 $5 Rhe8 $1 (19... e5 20. Qd3 exf4 21. Qxb5 cxb5 22. Bxf4 $16
Bxc5 $140 $4 23. Rac1 d6 24. Bxd6 $18) 20. Rac1 $5 (20. Qxf6 $6 e5 $1 $13) (20.
a3 $5 Ba5 21. b4 e5 $14) 20... Ba5 (20... e5 $2 21. Qc4 Qxc4 22. Rxc4 Ba5 23.
Ra4 $16 {[%csl Ra7]}) 21. Qc4 $1 Qxc4 22. Rxc4 Bc7 23. Rd3 $1 Kb7 24. Bd2 $1
$14 {[%csl Ra7,Rd7] Yakovich,Y-Kramnik,V/USSR,1988/Inf45/202 (1-0)(Yakovich,Y)
(42)}) (19. a3 $5 Ba5 20. b4 e5 $1 (20... Bc7 $6 21. a4 (21. Qxf6 $5) 21... Qb7
(21... Qb8 $143 22. g3 $1 {/\Rhb1,b5+/-}) 22. Rad1 e5 23. Qc4 exf4 24. Bxf4
Bxf4 25. Qxf4 $14 {Kulish,I-Velikhanli,F/Rostov,1995(1/2-1/2)(44)}) 21. Qc3
exf4 (21... Bc7 22. a4 (22. Rhe1 $5) 22... Qb7 23. Kf2 Rhg8 $132 {Hagarova,
Z-Milasiute,V/Halle,1995(1-0)(42)}) 22. Bxf4 Rde8 23. Rhe1 Bc7 24. Bxc7 $1 (24.
a4 Qb8 25. g3 Be5 $14) 24... Kxc7 25. a4 $16 {Gershkovich,E}) 19... e5 20. Qc4
$1 ({Badly:} 20. fxe5 fxe5 $140 21. Qxe5 Rhf8+ {[%csl Rf3] with strong attack.}
) ({Dubious:} 20. Qd6 {because of:} Ba5 {or 20...Rhe8|^}) 20... Qb7 ({After:} 
20... Qxc4 $2 21. Rxc4 Ba5 (21... a5 $6 22. a3 d5 23. cxd6 (23. Rcc1 $143 d4
$14 {[%csl Ye3][%cal Gb4d2]}) (23. Rc2 $143 d4 {[%cal Gd4d3]}) 23... Bxd6 24.
Rxc6+ $16) 22. Ra4 {[%csl Ra5,Ra7]} Bc7 23. Rxa7 {white has a material
advantage in the endgame.}) ({Can be recommended:} 20... Rhe8 {+/=/=}) 21. Rhd1
$14 Rhe8 ({Probably slightly better is:} 21... Rde8 {/\Rhf8}) 22. Qb3 $5 {
with the idea 23.Rc4 or 23.a3(ץb4)} f5 $2 {[%mdl 8192]} ({Dubious:} 22... d5 {
in view of:} 23. cxd6 Rxd6 (23... Bxd6 24. Qc4 $36 {[%csl Rc6]}) 24. Rxd6 Bxd6
25. Qd5 $1 $16) ({It is necessary:} 22... Ba5 23. Qxb7+ Kxb7 $14) 23. Rc4 $2 {
[%mdl 8192]} ({Good enough:} 23. fxe5 $16 Rxe5 $140 24. a3 $1 Ba5 25. Qxb7+
Kxb7 26. Bg5 {[%csl Rd7]} Rg8 27. Rxd7+ Kc8 28. Rxa7 $18 {[%csl Ra5]}) 23...
exf4 ({By mistake:} 23... e4+ {because of:} 24. Kf2 Ba5 $140 25. Qa3 $1 Qb5 (
25... Bc7 $4 26. Rb4 {[%csl Rc8]} Qa8 27. Qa6+) 26. Ra4 {[%csl Ga3,Ga4,Ra5,Ra7]
} Bc7 27. Rxa7 {+/-/+-}) 24. Bxf4 ({In my opinion a little worse is:} 24. Rxf4
{[%csl Rb4,Rf5]} Re4 25. Rxf5 Rde8 26. Rd3 Qb5 $1 $132) 24... Re4 {[%csl Rb4,
Yb7,Ye4]} 25. a3 $2 {[%mdl 8192] Again tactical blunder.} ({After:} 25. Bd6
Rde8 26. Rdd4 $1 Rxd4 (26... Re3+ $2 27. Qxe3 Rxe3+ 28. Kxe3 $16) (26... Qb5 $2
{is refuted by:} 27. a4 $1 (27. Qxb4 $2 Rxd4 28. Rxd4 $8 (28. Qxb5 $4 Rd3+ 29.
Kf4 cxb5 $17) 28... Qe2+ 29. Kg3 $8 (29. Kf4 $4 Qg4#) 29... Qe3+ 30. Kh4 Qh6+
31. Kg3 Qe3+ $11)) 27. Rxd4 Qb5 28. Qc4 (28. Qxb4 $2 Qe2+ 29. Kg3 $8 Qe3+ 30.
Kh4 Qh6+ 31. Kg3 Qe3+ $11) 28... Qxc4 29. Rxc4 {white has a big advantage in
the endgame.}) 25... Bxa3 $1 {[%csl Yb3,Gb7,Rc4,Ge4]} 26. Qxb7+ ({Unexpectedly
loses:} 26. Qc2 {in view of:} Rxc4 27. Qxc4 $140 Bxc5 $1 28. Qxc5 Qb3+ {
[%csl Rd1,Rf3]} 29. Kf2 (29. Ke2 $143 Re8+ 30. Kd2 (30. Be3 f4 $19) (30. Be5
Qxb2+ {[%csl Re5]}) 30... Qxb2+ 31. Qc2 (31. Kd3 Qe2+) 31... Re2+ 32. Kxe2
Qxc2+ $19) 29... Qxd1 30. Qxa7 {[%csl Rc8][%cal Ga7c7,Ga7b8]} Qc2+ 31. Kg3 Qb3+
32. Kh4 Qb7 $19 {[%csl Yb7]}) 26... Kxb7 27. Rc2 (27. Rxe4 $2 fxe4+ 28. Kxe4
Bxc5 $17 {_|_}) 27... Bb4 {[%mdl 4096]} 28. h4 $6 {[%csl Rd7][%cal Gf4g5]} ({
Much better is right away:} 28. g4 $1 {[%csl Rf5]} Re7 29. Bg5 fxg4+ 30. Kg3
Rde8 31. Bxe7 Rxe7 32. Kxg4 Ka6 $44 {[%csl Rc5][%cal Ga6b5]}) (28. Bg5 $6 Rg8
$140 29. Rxd7+ $2 Kc8 {[%csl Rd7,Rg5]} 30. Rxa7 Rxg5 31. Rxh7 $17) 28... Kc8 $5
{[%csl Yc8,Rd7][%cal Yc8d7]} 29. g4 $140 Rf8 30. b3 $2 {Inexplicable move.} (
30. gxf5 $6 Re7 {[%csl Rf5]} 31. Rg1 Ref7 (31... Rxf5 $4 32. Rg8+ Kb7 33. Rb8+
Ka6 34. Rxb4 $18) 32. Bd6 Rxf5+ 33. Ke4 {=/=/+}) ({Can be recommended:} 30. g5
$44 {[%csl Gg5,Gh4]}) 30... Re1 31. Rxe1 fxg4+ {[%csl Re1,Rf4]} (31... Bxe1 $2
32. g5 {+/=/+/-}) 32. Kxg4 Bxe1 $15 33. Re2 h5+ $1 (33... Bxh4 $4 34. Bd6 {
[%csl Rf8,Rh4]} Rf2 $8 35. Re8+ Bd8 36. Be7 $18) 34. Kxh5 Bxh4 35. Bd6 (35. Bh6
$143 Rh8 {=/+/-/+}) 35... Rh8+ 36. Kg6 Bg3 $1 {[%csl Yh8][%cal Yh8g8]} 37. Kg7
(37. Bxg3 $2 Rg8+ 38. Kf5 Rxg3 $17) 37... Bxd6 $2 ({Logically:} 37... Rh4 38.
Re8+ Kb7 39. Re7 Bxd6 40. cxd6 c5 $1 41. Rxd7+ Kc6 42. Rxa7 Kxd6 {with small
chances to win.}) 38. cxd6 $2 {Probably because of the zeitnot white makes
this mistake.} ({It is necessary:} 38. Kxh8 Bxc5 39. Kg7 d5 40. Kf6 $11) 38...
Rh3 $17 {[%csl Rb3,Rd6]} 39. Kf7 $2 $138 (39. Re8+ $142 Kb7 40. Rd8 Rxb3 41.
Rxd7+ Kb6 42. Kf6 Kc5 43. Ke7 $1 {[%cal Ge7d8,Gd8c7] =/+/-/+}) 39... Rh7+ $2
$138 ({Wins right away:} 39... Rf3+ $1 40. Ke8 (40. Kg7 $143 Rd3 {[%csl Rd6]})
40... Rxb3 41. Re7 Rh3 $19) 40. Kg6 Rh3 (40... Rh8 $5) 41. Re8+ Kb7 42. Rd8 {
[%csl Rd7]} c5 $2 {[%csl Rd6][%cal Gb7c6]} (42... Rxb3 43. Rxd7+ Kb6 44. Kf6
Kc5 45. Ke7 $1 {[%cal Ge7d8,Gd8c7] =/+/-/+}) 43. Rxd7+ $8 Kc6 44. Rxa7 Kxd6 {
Hecht: '[#] Das Problem des Weißen ist der schlecht postierte König, der
sogleich vertikal abgeschnitten wird. Wie aber soll Schwarz den Bb3 gewinnen,
und selbst, wenn er dies schafft, wie den weißen König an der Rückkehr
hindern? '} 45. Rb7 (45. Kf5 $2 {[%cal Gf5e4]} Rxb3 46. Ke4 Kc6 $19 {[%csl Yb3,
Re4][%cal Gc6b5,Gb5c4,Yb3h3]}) 45... Rf3 $1 {[%csl Yf3,Rg6][%cal Yf3f8]} 46.
Kg5 Rf8 47. Rb6+ $6 ({Good enough:} 47. Kg4 Ke5 (47... Kd5 48. Kg3 $11) 48. Rd7
Ke4 (48... Rf4+ 49. Kg3 Rb4 50. Kf3 Rxb3+ 51. Ke2 $11) (48... Rb8 49. Kf3 (49.
Rd3 $5) 49... Rxb3+ 50. Ke2 $11) 49. Re7+ $1 Kd4 50. Rd7+ Kc3 51. Rc7 $11 {
[%csl Rc5]}) 47... Ke5 (47... Kd5 {Hecht} 48. Rf6 Rxf6 49. Kxf6 Kd4 50. Ke6 Kc3
51. Kd5 $11) 48. Kg4 ({It is possible:} 48. Rb7 Rg8+ 49. Kh4 Kd6 $15 {[%csl
Yg8,Rh4]}) (48. Kg6 $6 Rf4 {[%cal Gf4b4]}) 48... Rf4+ $1 49. Kg3 $140 Rb4 {
[%csl Rb3,Rb6] Hecht: '[#] Über die Leiche des b-Bauern hat der weiße König
die Rückkehr in die südlichen Gefilde geschafft. Um auch noch die fehlenden
Linien zum c-Bauern zu überwinden, muss der Turm optmal eingesetzt werden. '}
50. Rh6 $2 {Hecht: 'Falsch!'} (50. Rxb4 $2 cxb4 51. Kf3 Kd4 52. Ke2 Kc3 $19) ({
Der Turm gehört hinter den c-Bauern, um jenen angegriffen zu halten und den
schwarzen König daran zu hindern, über d4-c3 entscheidend Land zu gewinnen.} 
50. Rc6 $1 {Hecht} Kd5 (50... Kd4 51. Kf2 Rxb3 52. Ke2 Rb2+ 53. Kd1 c4 54. Kc1
Rh2 55. Rc8 Kc3 56. Kb1 Rh1+ 57. Ka2 Rc1 58. Rh8 $11) 51. Rc8 Rxb3+ 52. Kf2 Rd3
53. Ke2 Rd4 54. Rd8+ Kc4 55. Rxd4+ $1 Kxd4 56. Kd2 $11 {Opposition}) 50...
Rxb3+ {Hecht: '[#] Jetzt erst ist das zum Thema "Turm + Bauer gegen Turm"
gehörende Endspiel erreicht. Der Vorspann dazu war indes von entscheidender
Bedeutung. '} 51. Kf2 Kd4 $1 $19 {[%cal Gd4c3]} 52. Ke2 Kc3 {'-+[]' Hecht.
Hecht: 'Dieser Zug ist nur möglich, weil der c-Bauer nicht angrgriffen ist.
Der weiße König kommt nun nicht zurück.'} 53. Rh3+ (53. Kd1 $144 Rb1+ 54. Ke2
c4 $19) 53... Kc2 54. Rh4 {[%csl Yh4]} Rb4 55. Rh5 c4 56. Rh4 Ra4 $1 {with the
idea Kb3 and so on.} 57. Rg4 Kb3 58. Rg8 {[%cal Gg8b8]} (58. Kd1 $143 Ra1+ 59.
Ke2 c3) 58... Ra2+ 59. Kd1 (59. Ke3 $144 c3 60. Kd3 Rd2+ 61. Ke3 Rd7) 59...
Ra1+ 60. Ke2 c3 61. Rb8+ Kc2 62. Rh8 Ra5 {[%cal Ga5e5]} 63. Ke3 (63. Re8 Rb5 {
/\Kb2,b3} 64. Rc8 Kb2 65. Kd3 (65. Kd1 Rd5+ 66. Ke2 c2 67. Rb8+ Kc1 $19) 65...
Rb7 $19 {[%cal Gb7d7]}) 63... Rd5 {[%csl Yd5,Re3][%cal Yd5d1]} 64. Rg8 Kb2 65.
Rb8+ Kc1 66. Rh8 (66. Ke2 {Hecht} c2 67. Rb7 Re5+ 68. Kf3 Kd2 69. Rd7+ Kc3 70.
Rc7+ Kd3 71. Kf2 Re4 72. Rd7+ Rd4 73. Rc7 Rc4 {Brückenbau}) 66... c2 67. Rg8
Rb5 (67... Rb5 {[%cal Gc1b1]} 68. Rc8 Kb1 69. Kd2 Rd5+) 0-1

[Event "Carlos Torre Wimbledon 15th"]
[Site "Merida"]
[Date "2002.12.18"]
[Round "1"]
[White "Mitkov, Nikola"]
[Black "Hernandez Guerrero, Gilberto Eduardo"]
[Result "0-1"]
[WhiteElo "2529"]
[BlackElo "2546"]
[Annotator "Golod,V"]
[PlyCount "100"]
[EventDate "2002.12.13"]
[EventType "k.o."]
[EventRounds "4"]
[EventCountry "MEX"]
[SourceTitle "CBM 093"]
[Source "ChessBase"]
[SourceDate "2003.04.01"]
[SourceVersion "1"]
[SourceVersionDate "2003.04.01"]
[SourceQuality "1"]

1. e4 c5 2. Nc3 e6 3. Nf3 Nc6 4. d4 cxd4 5. Nxd4 Nf6 6. Nxc6 bxc6 7. e5 Nd5 8.
Ne4 Bb7 9. Be2 c5 10. O-O Qc7 11. Nd6+ Bxd6 12. exd6 Qc6 13. Bf3 $6 $146 {
This novelty- the first cause of future difficulties.} (13. f3 $5 {It's main
line.You can see comments Leko,P-Topalov,V/Dortmund,2002/CBM 90(1-0)(Golod,V)
(81)}) 13... c4 {[%csl Rd6]} 14. Bxd5 {One more doubtful decision.In my
opinion,it was a little better:} (14. Bf4 O-O 15. Qd4 Nxf4 (15... Qa6 $143 16.
Bg3 Rfc8 17. c3 $14) 16. Qxf4 (16. Bxc6 $2 Ne2+ 17. Kh1 Nxd4 18. Bxb7 Rab8 $17
{[%csl Rb7,Rc2]}) 16... Qb6 17. Bxb7 Qxb7 18. b3 (18. Qxc4 $143 Rfc8 19. Qb3
Qa6 $36 {[%csl Rd6][%cal Gc8c6,Ga8b8]}) 18... Rfc8 19. Rfd1 $11) ({or} 14. Qd4
$5) 14... Qxd5 15. Qxd5 Bxd5 {Clearly,that in it endgame for black there are
no problems.} 16. f3 f6 {Black's plan is:Kf7,e5 and Ke6(קd6).} 17. b4 {
[%cal Yc1e3,Ye3c5] Differently,it will be impossible to protect pawn "d6".} a6
{For the beginning it is necessary to limit progress Pb4.} (17... Kf7 $6 18. b5
{[%cal Ga2a4,Yc1a3,Ya1b1]} e5 19. f4 $132) 18. Be3 Kf7 19. Rfd1 g5 $15 {
Black's pawns grasp space on the king side.} 20. Kf2 Rhg8 21. Rab1 Rab8 22. Ba7
({Can be recommended:} 22. c3 $5 {[%cal Ga2a4]}) 22... Rb7 23. Bc5 h6 {A
little passively.} (23... h5 $5) 24. a4 Bc6 25. Ra1 e5 26. Ra3 ({Badly:} 26. b5
$2 {in view of:} axb5 27. a5 $140 b4 28. Rdb1 b3) ({It was necessary to begin
to build a fortress:} 26. a5 $5 {[%csl Ya5,Yb4,Yc5,Yd6] /\c3,Bb6}) 26... Ke6
27. Rc3 ({Again it was better:} 27. a5) 27... Bd5 28. Re3 Rbb8 29. Rb1 Bc6 30.
Ra1 (30. Ra3 $142) 30... h5 {This move it was possible to make much earlier.}
31. Rc3 Bd5 32. Rb1 $2 {Leads to inevitable material losses.} (32. Re1 Rgc8 {
[%cal Ga6a5]} 33. a5 Rb5 {[%csl Ra5,Rd6][%cal Gc8c5]}) 32... Rgc8 $17 {[%csl
Rb1,Rc5][%cal Gc8c5,Ga6a5]} 33. Be3 Kxd6 34. b5 axb5 35. axb5 Ra8 {Besides
this move black has two equal options:} (35... h4 $5) ({or} 35... Ke6 $5) 36.
h4 gxh4 37. Rh1 f5 38. f4 $2 {Decisive mistake.} ({More stubborn resistance
after:} 38. Rxh4 f4 39. Bc1 Bf7 {[%csl Yf7][%cal Yf7h5]} 40. g3 fxg3+ 41. Kxg3
Rab8 42. f4 Rg8+ (42... Rxb5 $5 43. fxe5+ Kxe5 44. Re3+ Kd6 {[%cal Yd6c6]}) 43.
Kf2 e4 {[%csl Rb5] -/+/-+}) 38... Rg8 39. Rh2 Rg4 $1 40. fxe5+ Kxe5 $19 {
[%csl Rg2][%cal Ga8g8]} 41. b6 f4 42. Bc1 (42. Bc5 $143 Rg3) 42... Rag8 {
[%csl Rg2] The further resistance is useless.} 43. b7 (43. Bb2 $144 Kd6) 43...
Rxg2+ 44. Rxg2 Rxg2+ 45. Kf1 Rg8 46. Ba3 Bxb7 {[%csl Rf1][%cal Yb7a6]} 47. Kf2
Rg2+ 48. Ke1 (48. Kf1 f3 {[%cal Gh4h3,Gh3h2]}) 48... f3 49. Re3+ Kf5 50. Bd6
Be4 0-1

[Event "ARG-ch 72nd"]
[Site "Pinamar"]
[Date "2002.03.14"]
[Round "6"]
[White "Felgaer, Ruben Alejandro"]
[Black "Rosito, Jorge"]
[Result "1-0"]
[WhiteElo "2509"]
[BlackElo "2424"]
[Annotator "Golod,V"]
[PlyCount "145"]
[EventDate "2002.03.11"]
[EventType "tourn"]
[EventRounds "13"]
[EventCountry "ARG"]
[EventCategory "9"]
[SourceTitle "CBM 088"]
[Source "ChessBase"]
[SourceDate "2002.03.21"]
[SourceVersion "1"]
[SourceVersionDate "2002.03.21"]
[SourceQuality "1"]

1. e4 c5 2. Nf3 e6 3. d4 cxd4 4. Nxd4 Nf6 5. Nc3 Nc6 6. Nxc6 bxc6 7. e5 Nd5 8.
Ne4 Qc7 9. f4 Qb6 10. c4 Bb4+ 11. Ke2 f5 12. Nf2 ({Does not give advantage:} 
12. exf6 Nxf6 13. Be3 Qa5 14. Nxf6+ gxf6 15. Kf2 O-O 16. Bd3 Rf7 17. Qc2 Bf8
18. c5 Ba6 $11 {Wiersma,E-Timoshenko,G/Groningen,1999(1/2-1/2)(25)}) 12... Bc5
{[%csl Rf2][%mdl 4]} ({In my opinion,it was a little better:} 12... Ba6 {
(it's main theoretical line)} 13. Kf3 Ne7 14. Be3 $5 {See comments to Zubarev,
A-Eljanov,P/Kharkov,2001/CBM 83(1-0)(Golod,V)(55)} ({Also it deserves
attention:} 14. Qa4 {You can see comments to De Firmian,N-Shabalov,A/Seattle,
2000/CBM 80(1/2-1/2)(Golod,V)(40)})) 13. Nd3 Ne3 14. Qb3 Nxf1 15. Rxf1 $5 {
It is exacter move,than:} (15. Qxb6 axb6 $1 {(after 15.Rf1 there is no this
opportunity)} (15... Bxb6 $143 16. Rxf1 Ba6 {see the game after 16...Bxb6.})
16. Nxc5 Nxh2 17. Rxh2 bxc5 18. Be3 Ra5 19. Kd3 O-O $2 (19... Ba6 $10 {[%csl
Rc4] Boensch,U}) 20. Bxc5 $1 Re8 (20... Rxc5 21. b4 $18) 21. a4 d5 22. exd6 e5
23. Bb6 Ra6 24. a5 $16 {See comments to Smirin,I-Magomedov,M/Daugavpils,1989/
CBM 16(1-0)(Boensch,U)(41)}) 15... Ba6 16. Qxb6 Bxb6 ({Now very weakly:} 16...
axb6 {in view of:} 17. Nxc5 bxc5 (17... Bxc4+ $4 18. Nd3) 18. b3 {[%csl Rc5]
[%cal Gc1e3] +/-/+-}) 17. b3 $14 Rc8 {Black's plan is: to play "c5",after
exchange of the bishops (Bc1/Bb6).} ({In some games played in years 1983-1995,
more popular was:} 17... Bd4) ({and} 17... Kf7) 18. Be3 $1 ({It is possible to
avoid exchange of the bishops:} 18. Ba3 c5 19. Rad1 Bb7 20. Rg1 h6 21. h4 $6 (
21. g4 $142) 21... Rg8 22. h5 g6 23. g4 fxg4 24. Rxg4 Be4 $14 {Kholmov,
R-Sveshnikov,E/Volgodonsk,1983(1/2-1/2)(38)}) (18. a4 $143 Bd4 19. Be3 $5 Bxe3
(19... Bxa1 20. Rxa1 $14 {[%csl Ra6,Gd3,Ge3]}) 20. Kxe3 c5 21. Rg1 g6 22. a5
Ke7 23. g4 Bb7 {+/=/= Ivanov,A-Gorelov,S/Minsk,1985(0-1)(79)}) 18... Bxe3 19.
Kxe3 c5 $8 20. Rad1 Bb7 {/^a8-h1} ({Was checked in the previous game:} 20...
Rg8 {[%cal Gg7g5]} 21. h4 (21. h3 $142 g5 $140 22. g4 $16) 21... h6 22. Rd2 Bb7
23. Rfd1 $14 {Iglesias,J-Canellas Magide,L/Barcelona,2000(1-0)(37)}) 21. Rd2 $5
$146 {[%csl Yd2][%cal Yd2g2]} ({Is not necessary,to spend the tempo on:} 21. g3
h6 22. Rd2 g5 23. h3 Rg8 24. Rc1 Rg7 25. a3 a5 26. Rc3 Ke7 {+/=/= Kozlov,
V-Gorelov,S/Aktjubinsk,1985(1/2-1/2) (36)}) 21... Be4 $1 22. Nf2 $140 Bc6 ({
Very riskyly:} 22... Bxg2 {because of:} 23. Rg1 Bc6 24. Rxg7 Kf8 25. Rg3 $1 {
<->g} (25. Rg1 $143 Kf7 {[%cal Gh8g8,Gg8g6]} (25... Rg8 $2 26. Rxg8+ Kxg8 27.
Rd1 $16 {[%cal Gd1g1]}) 26. Rg3 {+/=/+/-}) (25. Rg5 $6 Rg8 $14) 25... Rg8 26.
Rxg8+ Kxg8 27. Rd1 $16 {[%csl Rc5][%cal Gd1g1]}) 23. g4 $5 {It is necessary to
open a position to reach up to weakness of black.} ({Senselessly:} 23. Rfd1 h6
$140 24. Nd3 {because of:} Be4 25. Nb2 Rc7 {[%csl Yc7]} 26. g3 g5 27. Na4 gxf4+
28. gxf4 Rg8 $132) 23... fxg4 {Probably,it's best decision!} (23... g6 $2 24.
gxf5 gxf5 (24... exf5 25. Rd6 $16) 25. Rg1 $16) 24. Nxg4 Rf8 25. Rg1 Ke7 $6 (
25... Kd8 $5 {[%csl Rc5][%cal Yc7b6,Yb6c5,Yd8c7] /\Kc7-b6(קc5).}) 26. Rg3 Rf7
$6 {Too passively.After this move, black are deprived counterplay.Can be
recommended:} (26... Rf5 $5 27. Nf2 $140 g5 28. Rxg5 Rxg5 29. fxg5 Rf8 30. Nd3
(30. Ne4 $2 Rf5 {[%csl Re5]}) 30... Rf3+ 31. Ke2 Rh3 $14 {[%csl Rg5,Rh2][%cal
Gh3h2,Gh3h5,Gh5g5]}) 27. Nf2 a5 {[%csl Ya5,Yc5]} 28. Rd6 a4 (28... Rcf8 $143
29. Nd3 g6 30. Rg4 {[%csl Rc5,Yg4][%cal Yg4f4]}) 29. Nd3 $16 axb3 30. axb3 {
[%csl Rc5] Black got rid of one weakness,but now white's rook will penetrate
into camp of black.} Ba8 31. Ra6 Bb7 32. Ra7 ({Also good enough:} 32. Ra5 $5 d6
$140 33. Rg5 {[%csl Ga5,Rc5,Gd3,Yd6,Gg5][%cal Ge5d6]}) 32... Rc7 (32... Ba8
$143 33. Ra5 d6 $140 $2 34. Ra7+ Kf8 35. Rxf7+ Kxf7 36. exd6 $18) 33. Nxc5 Rxc5
34. Rxb7 Ra5 35. b4 $1 ({Dubiously:} 35. Ke4 Ra2 36. c5 $140 Rc2 $1 {+/=/+/-})
35... Ra3+ 36. Ke4 Ra2 37. c5 {[%cal Gc5c6]} Rc2 $8 {[%mdl 256]} ({Loses right
away:} 37... Ke8 {because of:} 38. Rb8+ $1 Ke7 39. b5 {[%csl Gb5][%cal Gb5b6,
Gb6b7]} Ra4+ 40. Kd3 Raxf4 41. c6 {[%cal Gc6c7]} dxc6 42. bxc6 Rf3+ 43. Rxf3
Rxf3+ 44. Kd4 Rf4+ 45. Kc5 $18) ({Also badly:} 37... Kd8 38. c6 Rc2 39. b5 Rc4+
40. Ke3 Rcxf4 41. Rxd7+ Rxd7 42. Kxf4 $18) 38. Kd3 Rc1 $8 ({Impossibly:} 38...
Rxh2 {in view of:} 39. c6 Kd8 40. b5 Re7 41. c7+ Kc8 42. Ra7 Rb2 43. Kd4 $1
Rxb5 $140 44. Rc3 {[%csl Rc8][%cal Ga7a8]}) 39. Kd2 {[%cal Gg3d3,Gd3c3]} Rc4
40. Rc3 $1 Rfxf4 $8 (40... Rcxf4 $2 {is refuted by:} 41. c6 {[%cal Gc6c7]} Rf2+
(41... Rd4+ 42. Kc2 Rf2+ 43. Kb3 {[%cal Gc6c7]}) 42. Kc1 Rf1+ 43. Kb2 R7f2+ 44.
Kb3 Rb1+ 45. Ka4 $18) 41. c6 Rfd4+ $8 42. Kc2 Kd8 43. Rxd7+ Rxd7 44. Rxc4 {
[%csl Gb4,Gc6]} Rd5 45. Kb3 {[%cal Gb3a4,Gb4b5]} Kc7 46. Ka4 Rd1 $1 {[%mdl 256]
} (46... Rxe5 $2 47. b5 $18 {[%csl Gc6][%cal Gb5b6]}) 47. b5 {[%csl Gc6][%cal
Gb5b6]} Ra1+ 48. Kb4 Rb1+ 49. Kc5 g5 50. Ra4 (50. h4 $5) 50... Rc1+ 51. Kb4
Rb1+ 52. Kc5 Rc1+ 53. Kd4 Rd1+ ({Leads to absolutely winning position:} 53...
Kb6 $2 54. Rc4 Rd1+ 55. Ke4 Rd8 56. c7 Rc8 57. Rc6+ Kxb5 58. Rxe6 Rxc7 59. Rd6
$1 $18 {[%csl Gd6,Ge5][%cal Gd6d8,Gd6d1]}) 54. Ke4 Re1+ 55. Kd4 Rd1+ 56. Ke4 {
Sometimes it is desirable to repeat the moves.} Re1+ 57. Kf3 Rb1 $8 (57... Rxe5
$2 58. Ra7+ Kb6 (58... Kd6 59. Rd7+ Kc5 60. c7 Rf5+ 61. Ke4 Rf8 62. Rd8) (58...
Kc8 59. b6 {[%cal Ga7a8]}) 59. Rb7+ Ka5 60. c7 Rc5 61. b6 $18 {[%csl Gc7][%cal
Gb7b8]}) 58. Ra7+ Kc8 59. Ra8+ Kc7 60. Ra7+ Kc8 61. Re7 $1 ({After:} 61. Rb7 h5
62. b6 {[%csl Rb6]} Rb4 {The task of white becomes complicated.}) 61... Rxb5
62. Rxe6 {[%csl Gc6,Ge5]} h5 (62... Rb4 $143 63. Re7 {[%csl Gc6,Ge5] /\e6,Re8+
and e7.}) (62... Kc7 $143 63. Kg4 Rb2 64. Rh6 $18) 63. Ke4 Rb2 64. h3 Rh2 65.
Kf5 $18 Rxh3 66. Kxg5 Kc7 (66... h4 $144 67. Rh6 Rg3+ (67... Kc7 68. Rxh4 Rxh4
69. Kxh4 Kxc6 70. Kg5 $18) 68. Kf5 Kc7 69. Rxh4 Kxc6 70. Rd4 $18 {[%csl Rc6,
Gd4,Ge5][%cal Gd4d8,Gd4d1]}) 67. Rh6 Re3 68. Kf6 $1 Kxc6 $140 69. Ke7+ Kd5 ({
After:} 69... Kc7 70. Rxh5 {white get a theoretically winning endgame.}) 70. e6
{[%csl Rh5]} Re5 71. Kd7 Ke4 72. e7 {[%cal Gh6e6]} Kf4 73. Re6 {[%csl Ge7]
[%cal Ge7e8]} 1-0